000 00501nam a2200169 i 4500
001 86924
003 ES-MaACL
005 20230906175542.0
007 t|
008 041216s1972 sp ||||1| spa d
100 1 _aKolosimo, Peter.
_968530
245 1 0 _aSombras en las estrellas /
_cPeter Kolosimo ; [traducción de Antonio Ribera].
260 _a[Barcelona] :
_bPlaza y Janés,
_c[1972]
300 _a634 p. ;
_c18 cm.
700 1 _aRibera, Antonio.
_996769
852 _aES-MaACL
_jC-47579
_bR.81000
999 _c86924
_d86924